| 000 | 00446nam a22001577a 4500 | ||
|---|---|---|---|
| 008 | 150520b xxu||||| |||| 00| 0 eng d | ||
| 020 | _a0631195556 (pbk.) | ||
| 080 | _a330.34.01 | ||
| 100 | _aPreston, P. W. | ||
| 245 | 0 | 0 | _aDevelopment theory / |
| 260 |
_aOxford ; _aCambridge, Mass. : _bBlackwell Publishers, _c1996. |
||
| 300 |
_a368 f. : _c25 cm. |
||
| 505 | _aIndex: 360-368 | ||
| 650 | 0 | _aZhvillimi ekonomik. | |
| 942 |
_2ddc _cBK |
||
| 999 |
_c860 _d860 |
||